000 00884nas a2200265 4500
001 BR0702476
003 BR-BrBNA
005 20231205110748.0
007 ta
008 230509b bl.|||p| |||| 00| 00por d
040 _aBR-BrBNA
_bpor
_cBiblioteca Nacional de Agricultura
041 _a(Pt)
072 _aK10
100 1 _aMariot, A.
100 1 _aOdorizzi, J.
100 1 _aNascimento, J.V.
100 1 _aReis, M.S.
245 1 _aUso e conservação de Piper cernuum Vell. (Piperaceae)na Mata Atlântica; 2: estrutura demográfica e potencial de manejo em floresta primária e secundária
650 _aPLANTA MEDICINAL
650 _aPIPERACEAE
650 _aMANEJO FLORESTAL
773 0 _tRevista Brasileira de Plantas Medicinais (Brazil)
_xISSN 1516-0572
_g(Feb 2007), v. 9(1) p. 13-20
_wBR0702476
909 _a202311
_bLúcia
_c55
_dLúcia Elande
942 _2AGRIS
_n0
_cANA
999 _c188936
_d188936